Helluva Boss Characters Quiz - Guess The Shows Characters - Statistics

General Stats
  • This quiz has been taken 11 times
  • The average score is 14 of 15
Answer Stats
Hint Answer % Correct
The king of lust Asmodeus
100%
The leader of IMP Blitz
100%
A clown who’s the adopted brother of Blitz and he then forgave him Fizzarolli
100%
Gothic dog that is the adopted daughter of Blitz Loona
100%
A female working for IMP Millie
100%
The one who’s dating the one above Moxxie
100%
The daughter of the gay bird Octavia
100%
The queen who hated the one above and divorced Stella
100%
The gay twink king that Blitz dates Stolas
100%
A horny shark who lied Chaz
88%
The king of greed Mammon
88%
Hitman who tried to kill Stolas and worked for Stella Striker
88%
The brother of the one from above Andrealphus
63%
The queen of gluttony Beelzebub
63%
The abusive father who made his son kill his own wife Crimson
63%
No matching quizzes found
Score Distribution
Percent of People with Each Score
Percentile by Number Answered
Your Score History
You have not taken this quiz